书目信息 |
| 题名: |
贝聿铭建筑十讲
|
|
| 作者: | 黄健敏 著 | |
| 分册: | ||
| 出版信息: | 南京 江苏凤凰科学技术出版社 2019.06 |
|
| 页数: | 263页 | |
| 开本: | 24cm | |
| 丛书名: | ||
| 单 册: | ||
| 中图分类: | TU-867.12 , TU-867.12 | |
| 科图分类: | ||
| 主题词: | 建筑艺术--jian zhu yi shu--研究--美国--现代 | |
| 电子资源: | ||
| ISBN: | 978-7-5713-0303-7 | |
| 000 | 01217nam0 2200277 450 | |
| 001 | 1942451616 | |
| 005 | 20190725105334.7 | |
| 010 | @a978-7-5713-0303-7@dCNY 79.80 | |
| 100 | @a20190722d2019 em y0chiy50 ea | |
| 101 | 0 | @achi |
| 102 | @aCN@b110000 | |
| 105 | @aak z 000yy | |
| 200 | 1 | @a贝聿铭建筑十讲@Abei yu ming jian zhu shi jiang@f黄健敏著 |
| 210 | @a南京@c江苏凤凰科学技术出版社@d2019.06 | |
| 215 | @a263页@c彩图@d24cm | |
| 312 | @a封面其他题名: 世界因他的建筑而变得更美 | |
| 314 | @a黄健敏, 中国台湾中原理工学院建筑系毕业。 | |
| 330 | @a本书讲述了著名美籍华裔建筑大师贝聿铭在创作职业生涯中几座最辉煌的建筑时所经历的种种坎坷与挑战, 从接受设计委托、选址、拟定设计方案, 到选择建材、不断解决设计过程中出现的问题等, 展现了贝聿铭为了建造出实用性与美观性兼顾的建筑时所作出的种种妥协与坚持 ; 同时介绍了建筑的形式、细部与蕴含的设计理念。 | |
| 517 | 1 | @a世界因他的建筑而变得更美@Ashi jie yin ta de jian zhu er bian de geng mei |
| 600 | 0 | @a贝聿铭,@Abei yu ming@f1917-@x建筑艺术@x研究 |
| 606 | 0 | @a建筑艺术@Ajian zhu yi shu@x研究@y美国@z现代 |
| 690 | @aTU-867.12@v5 | |
| 690 | @aTU-867.12@v4 | |
| 701 | 0 | @a黄健敏@Ahuang jian min@4著 |
| 801 | 0 | @aCN@b人天书店@c20190722 |
| 905 | @aBZT@dTU-867.12@e1 | |
| 贝聿铭建筑十讲/黄健敏著.-南京:江苏凤凰科学技术出版社,2019.06 |
| 263页:彩图;24cm |
| ISBN 978-7-5713-0303-7:CNY 79.80 |
| 本书讲述了著名美籍华裔建筑大师贝聿铭在创作职业生涯中几座最辉煌的建筑时所经历的种种坎坷与挑战, 从接受设计委托、选址、拟定设计方案, 到选择建材、不断解决设计过程中出现的问题等, 展现了贝聿铭为了建造出实用性与美观性兼顾的建筑时所作出的种种妥协与坚持 ; 同时介绍了建筑的形式、细部与蕴含的设计理念。 |
| ● |
| 相关链接 |
|
|
|
正题名:贝聿铭建筑十讲
索取号:TU-867.12/1
 
预约/预借
| 序号 | 登录号 | 条形码 | 馆藏地/架位号 | 状态 | 备注 |
| 1 | 863586 | 2000863586 | 第二书库/ [索取号:TU-867.12/1] | 在馆 | |
| 2 | 863587 | 2000863587 | 第二书库/ [索取号:TU-867.12/1] | 在馆 | |
| 3 | 863588 | 2000863588 | 第二书库/ [索取号:TU-867.12/1] | 在馆 |